00326nam a2200133Ia 4500008004100000020001500041041001200056082001600068100001600084245003600100260003200136300000800168650001600176221030s9999 xx 000 0 und d a8170083834 aEnglish a105.23bKak aO. G. Kakde 0aComplier Designcby O. G. Kakde bLaxmi Pub.aNew Delhic2002 a334 aBE Computer